000 00769cam a2200217 4500
001 WB3617-39
008 000000n2000 000 0 eng u
035 _a(Sirsi) u105671
245 _aTelecoms venture
260 _c2000
490 _aProperty Week
_v28 April 2000, 112(1)
520 _aUK Riser, a new telecoms venture launched by Resolution Property, will supply commercial tenants with broadband internet, video, data and voice telecom services, staying non-aligned from any telecom companies in order to get the best deals.
590 _aWB
650 _aUK RISER
650 _aRESOLUTION PROPERTY
650 _aINSIGNIA RICHARD ELLIS
650 _aINTERNET
650 _aTELECOMMUNICATIONS
690 _aTRANSPORT AND COMMUNICATIONS
942 _n0
999 _c63289
_d63289